[Event "Aeroflot Open 2006"]
[Site "Moscu RUS"]
[Date "2006.02.09"]
[Round "2.11"]
[White "Movsesian, Sergei"]
[Black "Kuzubov, Yuriy"]
[Result "0-1"]
[WhiteElo "2632"]
[BlackElo "2544"]
[PlyCount "78"]
[EventDate "2006.02.08"]
[EventType "swiss"]
[EventRounds "9"]
[EventCountry "RUS"]
[Source "lmi"]
[SourceDate "2006.02.18"]

1. e4 c5 2. d3 Nc6 3. g3 g6 4. Bg2 Bg7 5. f4 d6 6. Nf3 e6 7. O-O Nge7 8. c3 O-O
9. Be3 b5 10. d4 cxd4 11. cxd4 b4 12. Bf2 Qd7 13. Nbd2 Ba6 14. Re1 Rfc8 15. e5
dxe5 16. Ne4 Rd8 17. dxe5 Nd5 18. Rc1 Bb7 19. Nd6 Bf8 20. Bc5 Bxd6 21. Bxd6
Nce7 22. Nd2 Rac8 23. Ne4 Qb5 24. Qd2 Nf5 25. Rxc8 Rxc8 26. Qf2 b3 27. axb3
Qxb3 28. Bc5 h5 29. Nd6 Rc7 30. Ra1 Ba8 31. Rxa7 Rxa7 32. Bxa7 Nde3 33. Nxf5
Nxg2 34. Ne3 Nxe3 35. Bxe3 Qd5 36. Kf1 Qd1+ 37. Qe1 Bg2+ 38. Kf2 Qf3+ 39. Kg1
Bh3 0-1

[Event "Aeroflot Open 2006"]
[Site "Moscu RUS"]
[Date "2006.02.09"]
[Round "2.12"]
[White "Berg, Emanuel"]
[Black "Sadvakasov, Darmen"]
[Result "1/2-1/2"]
[WhiteElo "2540"]
[BlackElo "2629"]
[PlyCount "143"]
[EventDate "2006.02.08"]
[EventType "swiss"]
[EventRounds "9"]
[EventCountry "RUS"]
[Source "lmi"]
[SourceDate "2006.02.18"]

1. e4 c5 2. Nf3 d6 3. d4 cxd4 4. Nxd4 Nf6 5. Nc3 a6 6. Bg5 e6 7. f4 Qb6 8. Qd2
Qxb2 9. Nb3 Qa3 10. Bxf6 gxf6 11. Be2 Nc6 12. O-O Bd7 13. Kh1 Rc8 14. Rf3 b5
15. Raf1 Be7 16. f5 b4 17. Nd1 Ne5 18. fxe6 Bxe6 19. Rg3 Qxa2 20. Nd4 h5 21.
Qxb4 Nc6 22. Nxc6 Rxc6 23. Nc3 Qxc2 24. Bd1 Qc1 25. Rg1 Kf8 26. Ba4 Rxc3 27.
Rxc3 Qf4 28. Rf3 Qe5 29. Rg3 Bg4 30. Qb7 f5 31. exf5 Bh4 32. Bb3 Qxf5 33. Rc3
Rh6 34. Rc8+ Kg7 35. Ra8 Bf2 36. Rf1 Be2 37. Qb8 Bxf1 38. Qf8+ Kg6 39. Qg8+ Kf6
40. Qxf7+ Kg5 41. Rg8+ Rg6 42. Qxf5+ Kxf5 43. Bc2+ Ke5 44. Bxg6 Bc4 45. Re8+
Kd4 46. Bxh5 Kc3 47. Be2 Bb5 48. Re6 d5 49. g4 d4 50. Kg2 Bh4 51. Bxb5 axb5 52.
Rc6+ Kd3 53. Rb6 Kc4 54. Rc6+ Kd3 55. Kf3 b4 56. Rb6 Kc3 57. Rc6+ Kd3 58. Rb6
Kc3 59. Ke4 b3 60. Rc6+ Kd2 61. Rb6 Kc3 62. Rc6+ Kd2 63. Rd6 Kc3 64. Rd7 Bf6
65. Rc7+ Kd2 66. Rb7 Kc2 67. Rc7+ Kd2 68. g5 Bxg5 69. Kxd4 b2 70. Rb7 Kc2 71.
Rc7+ Kd2 72. Rb7 1/2-1/2

[Event "Aeroflot Open 2006"]
[Site "Moscu RUS"]
[Date "2006.02.09"]
[Round "2.13"]
[White "Khairullin, Ildar"]
[Black "Fressinet, Laurent"]
[Result "1/2-1/2"]
[WhiteElo "2533"]
[BlackElo "2625"]
[PlyCount "75"]
[EventDate "2006.02.08"]
[EventType "swiss"]
[EventRounds "9"]
[EventCountry "RUS"]
[Source "lmi"]
[SourceDate "2006.02.18"]

1. e4 e5 2. Nf3 Nc6 3. Bb5 a6 4. Ba4 Nf6 5. O-O Nxe4 6. d4 b5 7. Bb3 d5 8. dxe5
Be6 9. c3 Be7 10. Nbd2 O-O 11. Bc2 f5 12. Nb3 Qd7 13. Nbd4 Nxd4 14. Nxd4 c5 15.
Nxe6 Qxe6 16. f3 Ng5 17. a4 g6 18. Kh1 Qc6 19. Bxg5 Bxg5 20. f4 Be7 21. Qf3 c4
22. Rfd1 Rfd8 23. b4 a5 24. axb5 Qxb5 25. Ba4 Qb6 26. b5 Qe6 27. Rd2 Ra7 28.
Rad1 Rad7 29. g3 Kg7 30. b6 Rb7 31. Rxd5 Rxd5 32. Qxd5 Qxd5+ 33. Rxd5 Rxb6 34.
Rxa5 Rb1+ 35. Kg2 Rc1 36. Ra7 Kf8 37. Ra8+ Kg7 38. Ra7 1/2-1/2

[Event "Aeroflot Open 2006"]
[Site "Moscu RUS"]
[Date "2006.02.09"]
[Round "2.17"]
[White "Bologan, Viktor"]
[Black "Tomashevsky, Evgeny"]
[Result "1-0"]
[WhiteElo "2661"]
[BlackElo "2586"]
[PlyCount "85"]
[EventDate "2006.02.08"]
[EventType "swiss"]
[EventRounds "9"]
[EventCountry "RUS"]
[Source "lmi"]
[SourceDate "2006.02.18"]

1. e4 e5 2. Nf3 Nc6 3. Bc4 Nf6 4. d3 h6 5. O-O d6 6. c3 g6 7. d4 Qe7 8. Re1 Bg7
9. Nbd2 O-O 10. h3 Bd7 11. Nf1 Rae8 12. Ng3 Qd8 13. Bb3 a6 14. Bc2 Nh7 15. Be3
h5 16. Qd2 Qf6 17. Kh2 Bc8 18. Rad1 Kh8 19. Ne2 Qe7 20. Ng5 Nxg5 21. Bxg5 f6
22. Be3 f5 23. Bg5 Bf6 24. Bxf6+ Rxf6 25. f4 Qg7 26. fxe5 dxe5 27. exf5 Bxf5
28. Bxf5 Rxf5 29. Ng3 Rff8 30. d5 Nd8 31. Ne4 Rf4 32. Qe3 Ref8 33. Nc5 e4 34.
Nxe4 Qe5 35. g3 R4f7 36. Kg2 Kg7 37. Qd2 c6 38. c4 cxd5 39. cxd5 h4 40. gxh4
Qh5 41. Qc3+ Kg8 42. Qg3 Rf4 43. Rd2 1-0

[Event "Aeroflot Open 2006"]
[Site "Moscu RUS"]
[Date "2006.02.09"]
[Round "2.19"]
[White "Erenburg, Sergey"]
[Black "Aleksandrov, Aleksej"]
[Result "0-1"]
[WhiteElo "2573"]
[BlackElo "2653"]
[PlyCount "132"]
[EventDate "2006.02.08"]
[EventType "swiss"]
[EventRounds "9"]
[EventCountry "RUS"]
[Source "lmi"]
[SourceDate "2006.02.18"]

1. e4 e5 2. Nf3 Nc6 3. Bb5 Nf6 4. d3 d6 5. O-O Bd7 6. c3 g6 7. Nbd2 Bg7 8. Re1
O-O 9. Nf1 Qe8 10. Ba4 Kh8 11. Ne3 Rc8 12. Nd5 Ng8 13. Qb3 b6 14. Bb5 Nb8 15.
Bxd7 Nxd7 16. Qa3 Nc5 17. c4 c6 18. Ne3 a5 19. Nf1 Qd8 20. Be3 Ne6 21. b4 axb4
22. Qxb4 c5 23. Qd2 Ra8 24. Rab1 Ra6 25. Rb3 Nf6 26. Qc2 Nd7 27. Bc1 f5 28.
exf5 gxf5 29. Ne3 Qe8 30. Nd5 Rg8 31. Qe2 Nf6 32. Nxf6 Bxf6 33. g3 Qc6 34. a3
Ra7 35. Qd1 h5 36. Kf1 h4 37. Bb2 Rh7 38. Ke2 f4 39. gxh4 Bxh4 40. Rg1 Bf6 41.
Rxg8+ Kxg8 42. Qg1+ Rg7 43. Qf1 Bd8 44. Qh3 Qe8 45. Bc3 Nf8 46. Nd2 Qg6 47. Ne4
Rh7 48. Qc8 Rd7 49. Rb1 d5 50. cxd5 Rxd5 51. h3 f3+ 52. Ke1 Qg1+ 53. Kd2 Qxb1
54. Qg4+ Kf7 55. Qxf3+ Ke8 56. Qh5+ Ke7 57. Qg5+ Kd7 58. Qf5+ Kc7 59. Bxe5+ Kb7
60. Bd6 Qa2+ 61. Kd1 Qb3+ 62. Kd2 Qa2+ 63. Kd1 Ne6 64. Be5 Bc7 65. Bxc7 Nd4 66.
a4 Qxa4+ 0-1

[Event "Aeroflot Open 2006"]
[Site "Moscu RUS"]
[Date "2006.02.09"]
[Round "2.20"]
[White "Khismatullin, Denis"]
[Black "Izoria, Zviad"]
[Result "1/2-1/2"]
[WhiteElo "2576"]
[BlackElo "2652"]
[PlyCount "39"]
[EventDate "2006.02.08"]
[EventType "swiss"]
[EventRounds "9"]
[EventCountry "RUS"]
[Source "lmi"]
[SourceDate "2006.02.18"]

1. c4 e6 2. Nc3 c5 3. Nf3 Nf6 4. g3 b6 5. Bg2 Bb7 6. O-O Be7 7. Re1 Ne4 8. Qc2
Nxc3 9. dxc3 d6 10. Bf4 Qc7 11. Rad1 Nc6 12. Ng5 Bxg5 13. Bxg5 h6 14. Bc1 O-O
15. e4 e5 16. f4 exf4 17. gxf4 Rad8 18. Qf2 Kh8 19. Qg3 f6 20. Bf3 1/2-1/2

[Event "Aeroflot Open 2006"]
[Site "Moscu RUS"]
[Date "2006.02.09"]
[Round "2.21"]
[White "Najer, Evgeniy"]
[Black "Al-Modiahki, Mohamad"]
[Result "1/2-1/2"]
[WhiteElo "2652"]
[BlackElo "2579"]
[PlyCount "84"]
[EventDate "2006.02.08"]
[EventType "swiss"]
[EventRounds "9"]
[EventCountry "RUS"]
[Source "lmi"]
[SourceDate "2006.02.18"]

1. e4 e6 2. d4 d5 3. Nc3 Bb4 4. e5 c5 5. a3 Bxc3+ 6. bxc3 Qa5 7. Bd2 Qa4 8. Qb1
c4 9. h4 Nc6 10. h5 Bd7 11. Nf3 h6 12. Be2 O-O-O 13. Nh4 Nge7 14. Be3 Kb8 15.
f4 Nc8 16. O-O N8e7 17. Rf2 Rdg8 18. g4 g6 19. Kh2 gxh5 20. gxh5 Nf5 21. Nxf5
exf5 22. Bf3 Qa5 23. Qe1 Ne7 24. Rf1 Be6 25. Bf2 Re8 26. Rg1 Rhg8 27. Rxg8 Rxg8
28. Bh4 Nc8 29. Qd2 Kc7 30. Bf6 Kd7 31. Rg1 Rxg1 32. Kxg1 Ne7 33. Bg7 Qxa3 34.
Bxh6 Ng8 35. Bg7 a5 36. h6 Nxh6 37. Bxh6 a4 38. Kh2 Qb2 39. Qg2 a3 40. Bxd5 a2
41. Bxe6+ fxe6 42. d5 a1=Q 1/2-1/2

[Event "Aeroflot Open 2006"]
[Site "Moscu RUS"]
[Date "2006.02.09"]
[Round "2.22"]
[White "Predojevic, Borki"]
[Black "Sakaev, Konstantin"]
[Result "1/2-1/2"]
[WhiteElo "2553"]
[BlackElo "2649"]
[PlyCount "42"]
[EventDate "2006.02.08"]
[EventType "swiss"]
[EventRounds "9"]
[EventCountry "RUS"]
[Source "lmi"]
[SourceDate "2006.02.18"]

1. e4 c5 2. Nf3 d6 3. c3 Nf6 4. Be2 Bg4 5. O-O e6 6. h3 Bh5 7. d4 Nxe4 8. d5
Nd7 9. Re1 Be7 10. dxe6 fxe6 11. Qb3 c4 12. Qxc4 d5 13. Qb3 O-O 14. Be3 Bc5 15.
c4 Bxf3 16. Bxf3 Rxf3 17. gxf3 d4 18. Bf4 Ng5 19. Kg2 Qf6 20. Bg3 Qf5 21. Rh1
Bb6 1/2-1/2

[Event "Aeroflot Open 2006"]
[Site "Moscu RUS"]
[Date "2006.02.09"]
[Round "2.24"]
[White "Rustemov, Alexander"]
[Black "Galkin, Alexander"]
[Result "1/2-1/2"]
[WhiteElo "2573"]
[BlackElo "2616"]
[PlyCount "119"]
[EventDate "2006.02.08"]
[EventType "swiss"]
[EventRounds "9"]
[EventCountry "RUS"]
[Source "lmi"]
[SourceDate "2006.02.18"]

1. d4 d5 2. c4 e6 3. Nf3 c6 4. Bg5 Be7 5. Bxe7 Qxe7 6. e3 Nf6 7. Nc3 O-O 8. Rc1
Rd8 9. Qc2 dxc4 10. Bxc4 c5 11. O-O Nc6 12. dxc5 Qxc5 13. Ne4 Qe7 14. Nxf6+
Qxf6 15. Bd3 g6 16. Be4 Bd7 17. Qb3 Rab8 18. Rc5 Be8 19. Rfc1 Ne7 20. Nd4 Nc6
21. Nf3 Ne7 22. Bb1 Rd6 23. Qc3 Qxc3 24. R5xc3 Rbd8 25. h4 Bc6 26. Nd4 e5 27.
Nxc6 Rd1+ 28. Kh2 Nxc6 29. Be4 Rxc1 30. Rxc1 Rd2 31. Rc2 Rxc2 32. Bxc2 b6 33.
g4 h6 34. Kg3 Kf8 35. Kf3 Ke7 36. Ke4 Kd6 37. g5 hxg5 38. hxg5 Nd8 39. b4 Ne6
40. f4 exf4 41. exf4 a5 42. a3 axb4 43. axb4 b5 44. Bb3 Ke7 45. Bd5 f6 46.
gxf6+ Kxf6 47. Bb7 g5 48. fxg5+ Nxg5+ 49. Kd5 Ke7 50. Bc8 Kd8 51. Bg4 Kc7 52.
Bh5 Nh7 53. Ke5 Nf8 54. Be8 Nd7+ 55. Bxd7 Kxd7 56. Kd5 Kc7 57. Kc5 Kb8 58. Kxb5
Kb7 59. Kc5 Kc7 60. b5 1/2-1/2

[Event "Aeroflot Open 2006"]
[Site "Moscu RUS"]
[Date "2006.02.09"]
[Round "2.25"]
[White "Smirnov, Pavel"]
[Black "Yevseev, Denis"]
[Result "1-0"]
[WhiteElo "2614"]
[BlackElo "2557"]
[PlyCount "75"]
[EventDate "2006.02.08"]
[EventType "swiss"]
[EventRounds "9"]
[EventCountry "RUS"]
[Source "lmi"]
[SourceDate "2006.02.18"]

1. e4 c6 2. d4 d5 3. e5 Bf5 4. Nf3 e6 5. Be2 Ne7 6. Nbd2 h6 7. O-O Nd7 8. Nb3
Bh7 9. c3 Nf5 10. a4 a6 11. a5 Rc8 12. Bd2 c5 13. Nxc5 Bxc5 14. dxc5 Nxc5 15.
Nd4 O-O 16. Nxf5 Bxf5 17. Be3 Qc7 18. f4 Qe7 19. Bd4 Rc7 20. Ra3 Rfc8 21. Qd2
Bh7 22. Qe3 Rc6 23. h3 R6c7 24. Kh2 Rc6 25. g4 Be4 26. Qg3 Bc2 27. f5 exf5 28.
gxf5 Qg5 29. Qf2 Ne4 30. h4 Qd2 31. Qf3 Bd3 32. Qxd3 Qxb2 33. c4 dxc4 34. Bxb2
cxd3 35. Bxd3 Rc2+ 36. Bxc2 Rxc2+ 37. Kh3 Rxb2 38. Re3 1-0

[Event "Aeroflot Open 2006"]
[Site "Moscu RUS"]
[Date "2006.02.09"]
[Round "2.26"]
[White "Zhao, Jun"]
[Black "Kazhgaleyev, Murtas"]
[Result "1/2-1/2"]
[WhiteElo "2520"]
[BlackElo "2607"]
[PlyCount "79"]
[EventDate "2006.02.08"]
[EventType "swiss"]
[EventRounds "9"]
[EventCountry "RUS"]
[Source "lmi"]
[SourceDate "2006.02.18"]

1. d4 d5 2. Nf3 Nf6 3. c4 c6 4. e3 Bf5 5. Nc3 e6 6. Nh4 Bg6 7. Nxg6 hxg6 8. Bd2
Nbd7 9. b3 Be7 10. g3 dxc4 11. bxc4 e5 12. Bg2 exd4 13. exd4 Nb6 14. c5 Nbd5
15. O-O O-O 16. Qb3 Nxc3 17. Bxc3 Qd7 18. Rfe1 Rfc8 19. a4 Rab8 20. a5 Bd8 21.
Ra2 b6 22. cxb6 axb6 23. a6 Ra8 24. Rc1 b5 25. Bb4 Bb6 26. Bc5 Nd5 27. h4 Bxc5
28. Rxc5 Ne7 29. Qb4 Ra7 30. Re5 Nf5 31. Qc5 f6 32. Re4 Rca8 33. h5 gxh5 34.
Rf4 Ne7 35. Qxh5 Qe6 36. Re2 Qf7 37. Qc5 Qc4 38. Qh5 Qf7 39. Qc5 Qc4 40. Qh5
1/2-1/2

[Event "Aeroflot Open 2006"]
[Site "Moscu RUS"]
[Date "2006.02.09"]
[Round "2.28"]
[White "Roiz, Michael"]
[Black "Yakovich, Yuri"]
[Result "1/2-1/2"]
[WhiteElo "2599"]
[BlackElo "2551"]
[PlyCount "48"]
[EventDate "2006.02.08"]
[EventType "swiss"]
[EventRounds "9"]
[EventCountry "RUS"]
[Source "lmi"]
[SourceDate "2006.02.18"]

1. d4 d5 2. Nf3 Nf6 3. c4 dxc4 4. e3 e6 5. Bxc4 c5 6. O-O a6 7. Bb3 b5 8. a4 b4
9. Nbd2 Be7 10. e4 Bb7 11. e5 Nfd7 12. Nc4 O-O 13. Bf4 cxd4 14. Bc2 Nc6 15.
Nxd4 Nxd4 16. Qxd4 b3 17. Bxb3 Nc5 18. Qxd8 Rfxd8 19. Ba2 Rab8 20. Nd6 Nd3 21.
Bg3 Bc6 22. Bc4 Nxb2 23. Bxa6 Nxa4 24. Rfc1 Ra8 1/2-1/2

[Event "Aeroflot Open 2006"]
[Site "Moscu RUS"]
[Date "2006.02.09"]
[Round "2.29"]
[White "Kosintseva, Nadezhda"]
[Black "Wang, Yue"]
[Result "1/2-1/2"]
[WhiteElo "2480"]
[BlackElo "2599"]
[PlyCount "100"]
[EventDate "2006.02.08"]
[EventType "swiss"]
[EventRounds "9"]
[EventCountry "RUS"]
[Source "lmi"]
[SourceDate "2006.02.18"]

1. e4 c5 2. Nf3 Nc6 3. d4 cxd4 4. Nxd4 Nf6 5. Nc3 e5 6. Ndb5 d6 7. Bg5 a6 8.
Na3 b5 9. Nd5 Be7 10. Bxf6 Bxf6 11. c4 b4 12. Nc2 Rb8 13. b3 Bg5 14. g3 Be6 15.
Bg2 O-O 16. O-O a5 17. Qd3 Bh6 18. Rad1 Rb7 19. Nde3 Bxe3 20. Qxe3 f6 21. f4
Nb8 22. Qf2 Qb6 23. Ne3 Nd7 24. Nf5 Bxf5 25. exf5 Rbb8 26. Qxb6 Rxb6 27. Rd5
Nc5 28. Rfd1 exf4 29. gxf4 Re8 30. Kf2 Kf8 31. Rxd6 Rxd6 32. Rxd6 a4 33. bxa4
Ne4+ 34. Bxe4 Rxe4 35. c5 Rxf4+ 36. Ke3 Rc4 37. c6 Ke7 38. Rd7+ Ke8 39. Rd6 Ke7
40. Re6+ Kd8 41. Rd6+ Kc7 42. Rd7+ Kxc6 43. Rxg7 Rc2 44. Rxh7 Rxa2 45. Rh6 Kd5
46. Rxf6 Ke5 47. Rb6 Ra3+ 48. Kf2 Rxa4 49. f6 Ra7 50. Rxb4 Kxf6 1/2-1/2

[Event "Aeroflot Open 2006"]
[Site "Moscu RUS"]
[Date "2006.02.10"]
[Round "3.1"]
[White "Naiditsch, Arkadij"]
[Black "Alekseev, Evgeny"]
[Result "1/2-1/2"]
[WhiteElo "2657"]
[BlackElo "2634"]
[PlyCount "58"]
[EventDate "2006.02.08"]
[EventType "swiss"]
[EventRounds "9"]
[EventCountry "RUS"]
[Source "lmi"]
[SourceDate "2006.02.18"]

1. e4 c5 2. Nf3 d6 3. d4 cxd4 4. Nxd4 Nf6 5. Nc3 Nc6 6. Bg5 e6 7. Qd2 a6 8.
O-O-O Bd7 9. f3 Rc8 10. Kb1 Be7 11. h4 O-O 12. g4 b5 13. Be3 Nxd4 14. Qxd4 Bc6
15. h5 h6 16. g5 e5 17. Qd2 hxg5 18. Bh3 b4 19. Nd5 Nxd5 20. exd5 Bd7 21. Bxd7
Qxd7 22. Bxg5 Bxg5 23. Qxg5 Qd8 24. Qg4 a5 25. f4 Qf6 26. fxe5 Qxe5 27. Rde1
Qf6 28. h6 g6 29. Rhf1 Rce8 1/2-1/2

[Event "Aeroflot Open 2006"]
[Site "Moscu RUS"]
[Date "2006.02.10"]
[Round "3.4"]
[White "Akopian, Vladimir"]
[Black "Ni, Hua"]
[Result "1-0"]
[WhiteElo "2704"]
[BlackElo "2614"]
[PlyCount "87"]
[EventDate "2006.02.08"]
[EventType "swiss"]
[EventRounds "9"]
[EventCountry "RUS"]
[Source "lmi"]
[SourceDate "2006.02.18"]

1. e4 c5 2. Nf3 Nc6 3. Bb5 d6 4. O-O Bd7 5. c3 Nf6 6. Re1 a6 7. Ba4 b5 8. Bc2
Bg4 9. d3 e6 10. Nbd2 d5 11. h3 Bh5 12. Nf1 dxe4 13. dxe4 Qxd1 14. Rxd1 Be7 15.
g4 Bg6 16. Ng3 Nd7 17. a4 O-O-O 18. axb5 axb5 19. Nf5 exf5 20. exf5 Nb6 21. Re1
Bd6 22. fxg6 hxg6 23. Ng5 Rd7 24. Kg2 Kc7 25. Ne4 Nd5 26. Nxd6 Rxd6 27. Kg3
Rhd8 28. h4 Kb6 29. Bg5 R8d7 30. Ra8 c4 31. Rg8 f6 32. Bc1 Ne5 33. Rd1 b4 34.
cxb4 Nxb4 35. Rb8+ Kc7 36. Rxd6 Kxb8 37. Rxd7 Nxd7 38. Bxg6 Kc7 39. Bd2 Nd5 40.
Be4 Kd6 41. h5 Nc5 42. Bxd5 Kxd5 43. Bc3 Ne6 44. Kf3 1-0

[Event "Aeroflot Open 2006"]
[Site "Moscu RUS"]
[Date "2006.02.10"]
[Round "3.5"]
[White "Malakhov, Vladimir"]
[Black "Smirnov, Pavel"]
[Result "1-0"]
[WhiteElo "2694"]
[BlackElo "2614"]
[PlyCount "91"]
[EventDate "2006.02.08"]
[EventType "swiss"]
[EventRounds "9"]
[EventCountry "RUS"]
[Source "lmi"]
[SourceDate "2006.02.18"]

1. e4 c5 2. Nf3 d6 3. d4 cxd4 4. Nxd4 Nf6 5. Nc3 a6 6. g3 e5 7. Nb3 Be7 8. Bg2
Be6 9. O-O O-O 10. a4 Nbd7 11. Re1 Qc7 12. Nd2 Qc5 13. Nf1 b5 14. Ne3 b4 15.
Ncd5 Bxd5 16. exd5 Rfc8 17. b3 a5 18. Nc4 Bf8 19. g4 g6 20. g5 Nh5 21. Bf3 Nf4
22. Bg4 Qc7 23. Qf3 Bg7 24. Rb1 h5 25. Bxd7 Qxd7 26. Bxf4 Rxc4 27. bxc4 exf4
28. Qxf4 Rc8 29. Re2 Be5 30. Qe4 Qxa4 31. f4 Bc3 32. f5 Qa2 33. Rb3 Qa1+ 34.
Kg2 Qc1 35. h4 gxf5 36. Qxf5 Rf8 37. g6 Qh6 38. c5 Qxg6+ 39. Qxg6+ fxg6 40. Re7
Ra8 41. c6 Kf8 42. Rb7 Ke8 43. Rxc3 bxc3 44. Rh7 Rd8 45. Kf3 a4 46. Kf4 1-0

[Event "Aeroflot Open 2006"]
[Site "Moscu RUS"]
[Date "2006.02.10"]
[Round "3.6"]
[White "Jakovenko, Dmitry"]
[Black "Shabalov, Alexander"]
[Result "1/2-1/2"]
[WhiteElo "2662"]
[BlackElo "2595"]
[PlyCount "126"]
[EventDate "2006.02.08"]
[EventType "swiss"]
[EventRounds "9"]
[EventCountry "RUS"]
[Source "lmi"]
[SourceDate "2006.02.18"]

1. d4 d5 2. c4 c6 3. Nf3 Nf6 4. e3 e6 5. Bd3 Nbd7 6. Nbd2 c5 7. O-O Be7 8. b3
O-O 9. Bb2 b6 10. Qe2 Bb7 11. Rad1 Qc7 12. Ne5 a6 13. a4 dxc4 14. Ndxc4 b5 15.
Nxd7 Nxd7 16. axb5 axb5 17. Ne5 Nxe5 18. dxe5 Rab8 19. f4 Bd5 20. Bc2 c4 21. f5
cxb3 22. Bb1 Qc4 23. Bd3 Qh4 24. Rf4 Qh6 25. f6 Bc5 26. Kh1 g6 27. Rdf1 Rfd8
28. e4 Bc4 29. R4f3 Bd4 30. Rh3 Bxd3 31. Rxd3 Bxb2 32. Rxd8+ Rxd8 33. Qxb2 Qf4
34. Qb1 Qxe5 35. Qxb3 h5 36. h3 Qg5 37. Qa3 Rd2 38. Qa8+ Kh7 39. e5 Re2 40. Qb7
Kh6 41. Rg1 Qe3 42. Qxf7 Re1 43. Rxe1 Qxe1+ 44. Kh2 Qxe5+ 45. g3 Kg5 46. h4+
Kf5 47. Qe7 Qxf6 48. Qb4 Qe5 49. Qd2 Kf6 50. Qd8+ Kg7 51. Qe7+ Kh6 52. Qf8+ Qg7
53. Qb8 Qb2+ 54. Kh3 Qf6 55. Kg2 g5 56. hxg5+ Qxg5 57. Qh8+ Kg6 58. Qe8+ Kg7
59. Qd7+ Kf8 60. Qc8+ Ke7 61. Qc7+ Ke8 62. Qc8+ Kf7 63. Qd7+ Kf6 1/2-1/2

[Event "Aeroflot Open 2006"]
[Site "Moscu RUS"]
[Date "2006.02.10"]
[Round "3.8"]
[White "Aleksandrov, Aleksej"]
[Black "Popov, Valerij"]
[Result "0-1"]
[WhiteElo "2653"]
[BlackElo "2592"]
[PlyCount "171"]
[EventDate "2006.02.08"]
[EventType "swiss"]
[EventRounds "9"]
[EventCountry "RUS"]
[Source "lmi"]
[SourceDate "2006.02.18"]

1. d4 Nf6 2. c4 e6 3. Nc3 Bb4 4. e3 Ne4 5. Qc2 Nxc3 6. bxc3 Ba5 7. Ba3 d6 8.
Nf3 Nd7 9. Rd1 Qe7 10. Bd3 c5 11. O-O Bc7 12. Nd2 h6 13. f4 O-O 14. Rf3 b6 15.
Rdf1 Bb7 16. Rh3 Rae8 17. Bc1 d5 18. e4 dxe4 19. Nxe4 Nf6 20. Ng5 Rd8 21. Be3
Rd7 22. Kh1 Rfd8 23. Nf3 Ng4 24. Bc1 cxd4 25. Nxd4 Nf6 26. Re1 Bd6 27. Qe2 Qf8
28. Rg3 Kh8 29. Bc2 Ba3 30. Bd2 Bc5 31. Nb3 Ba8 32. Rh3 Kg8 33. Bc1 Qd6 34. Rg3
Kf8 35. h3 Kg8 36. Rd3 Qc6 37. Rg3 Qc7 38. Rf1 Bb7 39. Bb2 Ba6 40. Bc1 Bf8 41.
Nd2 Rxd2 42. Bxd2 Qxc4 43. Qxc4 Bxc4 44. Rf2 Bc5 45. Be3 Nh5 46. Rgf3 Bd5 47.
Bxc5 Bxf3 48. Bd4 Be4 49. Bb3 Ng3+ 50. Kh2 Nf5 51. Be5 Ne7 52. Re2 Bb7 53. Bd4
Bd5 54. Ba4 Nf5 55. Bf2 Bc4 56. Rb2 Rd3 57. Be1 Ne3 58. Rf2 h5 59. Rf3 Bd5 60.
Rf2 a6 61. Bc2 Nxc2 62. Rxc2 b5 63. Bf2 Be4 64. Re2 Bf5 65. Be1 Kh7 66. Bd2 Kh6
67. Kg1 Kg6 68. Kf1 Be4 69. Rxe4 Rxd2 70. a4 Rd3 71. axb5 axb5 72. Rb4 Rxc3 73.
Rxb5 Rc4 74. g3 h4 75. Rg5+ Kf6 76. Rg4 hxg3 77. Kg2 g6 78. Kxg3 Rc3+ 79. Kg2
Kf5 80. Rh4 Rc4 81. Kg3 f6 82. Rg4 g5 83. fxg5 Rxg4+ 84. hxg4+ Kxg5 85. Kf3 e5
86. Kg3 0-1

[Event "Aeroflot Open 2006"]
[Site "Moscu RUS"]
[Date "2006.02.10"]
[Round "3.10"]
[White "Sandipan, Chanda"]
[Black "Asrian, Karen"]
[Result "1/2-1/2"]
[WhiteElo "2522"]
[BlackElo "2646"]
[PlyCount "103"]
[EventDate "2006.02.08"]
[EventType "swiss"]
[EventRounds "9"]
[EventCountry "RUS"]
[Source "lmi"]
[SourceDate "2006.02.18"]

1. e4 c6 2. d4 d5 3. Nd2 dxe4 4. Nxe4 Bf5 5. Ng3 Bg6 6. h4 h6 7. Nf3 Nd7 8. h5
Bh7 9. Bd3 Bxd3 10. Qxd3 Qc7 11. Bd2 e6 12. O-O-O Ngf6 13. Ne4 O-O-O 14. g3
Nxe4 15. Qxe4 Bd6 16. c4 c5 17. d5 Nf6 18. Qc2 exd5 19. cxd5 Rhe8 20. Bc3 Qd7
21. Bxf6 gxf6 22. Kb1 f5 23. Nh4 Re4 24. f3 Re5 25. f4 Re4 26. g4 Rxf4 27. Nxf5
Rxg4 28. Nxh6 Rf4 29. Rhf1 Rxf1 30. Rxf1 Rh8 31. Nxf7 Rxh5 32. Qe4 Bc7 33. d6
Bxd6 34. Nxd6+ Qxd6 35. Qg4+ Kb8 36. Qg8+ Kc7 37. Qg7+ Qd7 38. Qg3+ Qd6 39.
Rf7+ Kc6 40. Qxd6+ Kxd6 41. Rxb7 a5 42. Ra7 c4 43. Ra6+ Kc7 44. Kc2 Kb7 45. Rg6
Rh3 46. Rg4 Kb6 47. Rxc4 Kb5 48. Rd4 Rh2+ 49. Kc3 Rh3+ 50. Rd3 Rh5 51. b3 Rc5+
52. Kb2 1/2-1/2

[Event "Aeroflot Open 2006"]
[Site "Moscu RUS"]
[Date "2006.02.10"]
[Round "3.14"]
[White "Fressinet, Laurent"]
[Black "Berg, Emanuel"]
[Result "1-0"]
[WhiteElo "2625"]
[BlackElo "2540"]
[PlyCount "81"]
[EventDate "2006.02.08"]
[EventType "swiss"]
[EventRounds "9"]
[EventCountry "RUS"]
[Source "lmi"]
[SourceDate "2006.02.18"]

1. d4 e6 2. c4 Nf6 3. Nc3 Bb4 4. Qc2 c5 5. dxc5 O-O 6. a3 Bxc5 7. Nf3 Nc6 8.
Bf4 b6 9. e3 Bb7 10. Be2 Be7 11. Rd1 Rc8 12. O-O Nh5 13. Bd6 Bxd6 14. Rxd6 Qe7
15. Rfd1 Rfd8 16. b4 Nf6 17. Qb2 Nb8 18. Nb5 Ne4 19. R6d4 e5 20. R4d3 Nxf2 21.
Kxf2 e4 22. Rd4 exf3 23. gxf3 Re8 24. Qc3 Qe5 25. Rg4 Qxh2+ 26. Rg2 Qh4+ 27.
Kg1 Qh6 28. Nd6 Rxe3 29. Qb2 Re6 30. Nxb7 Rg6 31. Nd6 Rc6 32. c5 Qe3+ 33. Kf1
Rxg2 34. Kxg2 Qg5+ 35. Kf1 h5 36. Bc4 Qh4 37. Bxf7+ Kh8 38. Qe5 Qh1+ 39. Kf2
Qh4+ 40. Kg2 Rxd6 41. Rxd6 1-0

[Event "Aeroflot Open 2006"]
[Site "Moscu RUS"]
[Date "2006.02.10"]
[Round "3.15"]
[White "Areshchenko, Alexander"]
[Black "Khairullin, Ildar"]
[Result "1/2-1/2"]
[WhiteElo "2670"]
[BlackElo "2533"]
[PlyCount "130"]
[EventDate "2006.02.08"]
[EventType "swiss"]
[EventRounds "9"]
[EventCountry "RUS"]
[Source "lmi"]
[SourceDate "2006.02.18"]

1. e4 c5 2. Nf3 Nc6 3. d4 cxd4 4. Nxd4 Nf6 5. Nc3 e5 6. Ndb5 d6 7. Bg5 a6 8.
Na3 b5 9. Nd5 Be7 10. Nxe7 Nxe7 11. Bd3 Bb7 12. Qe2 Nd7 13. O-O O-O 14. c4 b4
15. Nc2 a5 16. Rfd1 Nc5 17. f3 f6 18. Be3 Qc7 19. Qd2 Rad8 20. b3 f5 21. exf5
Nxd3 22. Qxd3 Nxf5 23. a3 Rde8 24. Qe2 Re6 25. axb4 Rg6 26. Bf2 Nh4 27. Bg3
axb4 28. Ra7 Bxf3 29. Rxc7 Bxe2 30. Re1 Bf3 31. gxf3 Nxf3+ 32. Kg2 Nxe1+ 33.
Nxe1 h5 34. Kh3 Rf1 35. Nc2 Rf3 36. Nxb4 Rxb3 37. Nd5 Rg4 38. Ne7+ Kh7 39. Nf5
Rd3 40. Rd7 e4 41. Nxd6 e3 42. Re7 e2 43. c5 Rc3 44. Rxe2 Rxc5 45. Re7 Rd5 46.
Ne4 Rf5 47. Nf2 Ra4 48. Ne4 Kh6 49. Nd6 Rf8 50. Ne4 Rf5 51. Be1 Ra3+ 52. Kg2
Ra2+ 53. Bd2+ Kg6 54. Kg3 Ra3+ 55. Kh4 Ra4 56. Kh3 Rf3+ 57. Kg2 Rd3 58. Bc1
Ra2+ 59. Nf2 Rc3 60. Be3 Kf6 61. Re8 Rc6 62. h4 Kf7 63. Rb8 Ra4 64. Rb7+ Kg8
65. Bg5 Rcc4 1/2-1/2